header

Magnesium and pyridoxine (Record no. 156554)

MARC details
000 -LEADER
fixed length control field 01983nam a2200397 a 4500
082 04 - DEWEY DECIMAL CLASSIFICATION NUMBER
Classification number 612.3/924
100 1# - MAIN ENTRY--AUTHOR NAME
Personal name Torshin, Ivan Y.
245 10 - TITLE STATEMENT
Title Magnesium and pyridoxine
260 ## - PUBLICATION, DISTRIBUTION, ETC. (IMPRINT)
Place of publication New York :
Name of publisher Nova Science Publishers,
Year of publication c2009.
300 ## - PHYSICAL DESCRIPTION
Number of Pages xiv, 196 p. :
Other physical details ill. (some col.).
490 1# - SERIES STATEMENT
Series statement Biochemistry research trends series
505 0# - FORMATTED CONTENTS NOTE
Formatted contents note The biological roles of magnesium -- Absorption, elimination and the daily requirement of magnesium -- The deficiency of magnesium -- Conditions and diseases accompanied by magnesium deficiency -- Correction of the magnesium deficit -- Effects of various drugs on magnesium homeostasis -- Toxicology of magnesium : hypermagnesemia -- Physiological importance of pyridoxine -- Determination of the magnesium and pyridoxine levels.
650 #0 - SUBJECT ADDED ENTRY--TOPICAL TERM
Topical Term Magnesium in the body.
Topical Term Magnesium
Topical Term Magnesium deficiency diseases.
Topical Term Vitamin B6.
700 1# - ADDED ENTRY--PERSONAL NAME
Personal name Gromova, Olgar.
856 40 - ELECTRONIC LOCATION AND ACCESS
Uniform Resource Identifier http://site.ebrary.com/lib/rucke/Doc?id=10680900

No items available.

© 2026 Rongo University
Contact us: librarian | system librarian | Rongo university